00390nam a2200145Ia 4500008004100000040001900041041001200060082002200072100002200094245004100116260003300157300001800190650002000208850001600228131103s9999 xx 000 0 und d aLoreto College aEnglish aF/GASbLCBED/6402 aGaskin, Catherine 4aThe lynmara legacycCatherine Gaskin aCollinsbFontana booksc1977 a384p c 18cm. aEnglish fiction aLCBED/F/GAS